000 01139nam a2200289 a 4500
003 AR-BaBNM
005 20251128203902.0
008 082120s2002 ||||||||||||||000 | spa||
040 _cAR-BaBNM
100 1 _aMontgomery, Gaylord C.
245 0 0 _aEnseñanza de la matemática, la ciencia y los estudios sociales
250 _a1ª ed.
260 _aBuenos Aires
_bPaidós
_bCentro Regional de Ayuda Técnica. Agencia para el Desarrollo Internacional
_c1969
300 _a160 p.
_bdiagr.
500 _aEsta publicación ha sido preparada conjuntamente por la editorial y el Centro Regional de Ayuda Técnica, Agencia para el Desarrollo Internacional AID, Departamento de Estado del Gobierno de los Estados Unidos de América. El Centro es una organización dedi
504 _aBibliografía: p. 154-160
650 4 _aENSEÑANZA DE LAS MATEMATICAS
650 4 _aENSEÑANZA DE LA CIENCIA
650 4 _aESTUDIOS SOCIALES
650 4 _aTECNICAS DE ENSEÑANZA
653 _aEDUCACION PRIMARIA
700 1 _aDodd, Alan
700 1 _aMcAulay, John D.
700 1 _aLeal, Carlos Aníbal
_etraductor
942 _cBK
998 _cSILVI
999 _c5329
_d5329